000 00566nam a22002177a 4500
003 UA-OsUOA
001 114069
007 ta
008 20151015b un ||||| |||| 00| 0 ukr d
100 _aРябош А.
090 _a02
_bР98
942 _cSA
040 _aUA-OsUOA
_bukr
_cUA-OsUOA
_dUA-OsUOA
245 _aЕлектронна газета як засіб самовираження бібліотеки
300 _aС.12-14
955 _a0
041 _aukr
080 _a02
773 0 _w114068
650 7 _a02 Бібліотечна справа
_2UDC
999 _c399993
_d399993